Logo BPK

Biblioteka

Politechniki Koszalińskiej

Geometria analityczna w zadaniach / (Rekord nr 386)

Szczegóły MARC
000 -ETYKIETA REKORDU
podpole kontrolne o stałej długości 00427nam a2200157 i 4500
001 - NUMER KONTROLNY REKORDU
pole kontrolne bg
040 ## - ŹRÓDŁO KATALOGOWANIA
Instytucja, która utworzyła rekord BPK
041 ## - KOD JĘZYKA
Kod języka tekstu pol
008 - POLE O STAŁEJ DŁUGOŚCI - DANE KONTROLNE
podpole kontrolne o stałej długości 950505s1975 pl f |000 0 pol
100 1# - NAZWA OSOBOWA
Nazwa osobowa Kącki, Edward
Daty związane z nazwą (1925- ).
245 10 - TYTUŁ/ODPOWIEDZIALNOŚĆ
Tytuł Geometria analityczna w zadaniach /
Pozostałe elementy strefy tytułu i oznaczenia odpowiedzialności Edward Kącki, Danuta Sadowska, Lucjan Siewierski.
260 ## - STREFA ADRESU WYDAWNICZEGO
Miejsce wydania Warszawa,
Data publikacji, dystrybucji/powstania dokumentu 1975.
700 1# - HASŁO DODATKOWE - NAZWA OSOBOWA
Nazwa osobowa Sadowska, Danuta.
700 1# - HASŁO DODATKOWE - NAZWA OSOBOWA
Nazwa osobowa Siewierski, Lucjan.
856 ## - LOKALIZACJA I DOSTĘP DO ELEKTRONICZNYCH DOKUMENTÓW ZDALNYCH
Link (URL) http://koha.tu.koszalin.pl/cgi-bin/koha/opac-detail.pl?biblionumber=386
Tekst linku Katalog online BPK
942 ## - DODATKOWE ELEMENTY (KOHA)
Typ dokumentu Książka
Egzemplarze
Wycofany Status egzemplarza Uszkodzony Dostępność Lokalizacja stała Lokalizacja bieżąca Miejsce przechowywania Sygnatura Kod kreskowy Typ dokumentu Ostatnio wypożyczono Dział
      Dostępny Biblioteka Politechniki Koszalińskiej Biblioteka Politechniki Koszalińskiej Wypożyczalnia BG P 11548 01392401 Książka    
      Dostępny Biblioteka Politechniki Koszalińskiej Biblioteka Politechniki Koszalińskiej Wypożyczalnia BG P 11549 01840100 Książka    
      Dostępny Biblioteka Politechniki Koszalińskiej Biblioteka Politechniki Koszalińskiej Wypożyczalnia BG P 11550 01270914 Książka 18.02.2017  
      Tylko na miejscu Czytelnia Wydziału Elektroniki i Informatyki, Wydziału Architektury i Wzornictwa, Wydziału Inżynierii Mechanicznej i Energetyki oraz Wydziału Inżynierii Lądowej, Środowiska i Geodezji Czytelnia Wydziału Elektroniki i Informatyki, Wydziału Architektury i Wzornictwa, Wydziału Inżynierii Mechanicznej i Energetyki oraz Wydziału Inżynierii Lądowej, Środowiska i Geodezji Czytelnia Wydziałowa ul. Śniadeckich 2 P 11551 02227443 Książka   514 Geometria
© 2023 Biblioteka Politechniki Koszalińskiej :: KOHA